El maestro (1536). Complete solo works for guitar
Spremljeno u:
| Glavni autor: | |
|---|---|
| Format: | Muzički pogodak Knjiga |
| Jezik: | njemački francuski engleski |
| Izdano: |
Budapest
Konemann Music Budapest
2000
|
| Teme: | |
| Oznake: |
Dodaj oznaku
Bez oznaka, Budi prvi tko označuje ovaj zapis!
|
MARC
| LEADER | 00000ncm a2200000 a 4500 | ||
|---|---|---|---|
| 001 | UCI1317 | ||
| 003 | CL-VaPUC | ||
| 005 | 20221118124220.0 | ||
| 008 | 070629e20000000HU |||||||||||||||||ger|d | ||
| 999 | |c 326148 |d 326146 | ||
| 020 | |a 9639155071 | ||
| 040 | |c Pontificia Universidad Católica de Valparaíso | ||
| 041 | 0 | 7 | |a ger |2 CL-VaPUC |
| 041 | 0 | 7 | |a fre |2 CL-VaPUC |
| 041 | 0 | 7 | |a eng |2 CL-VaPUC |
| 082 | 0 | 4 | |a Gt787.87 MIL 2000 |b MIL |2 21 |
| 100 | 1 | |a Milán, Luis |e autor |9 865697 | |
| 245 | 1 | 3 | |a El maestro (1536). Complete solo works for guitar |
| 246 | 1 | 0 | |a Samtliche solowerke fur gitarre |
| 260 | |a Budapest |b Konemann Music Budapest |c 2000 | ||
| 300 | |a 2 v | ||
| 583 | |a last modification |c 20070629 00:00:00 |k Rodrigo Vera | ||
| 650 | 0 | |a Música para guitarra |9 362109 | |
| 650 | 0 | |a Partituras |9 324008 | |
| 650 | 0 | |a Enseñanza de la música |9 339802 | |
| 942 | |c BK |2 ddc | ||
| 945 | |d 20070629 00:00:00 |a rbrito | ||
| 952 | |0 0 |1 0 |4 0 |6 GT_787_870000000000000_MIL_2000 |7 0 |8 F |9 407890 |a BIBEDU |b BIBEDU |d 2019-11-22 |h v.1 |i 4294610 |o Gt787.87 MIL 2000 |p 4294610 |r 2023-11-22 |w 2019-11-22 |y BK_F |k MUS | ||
| 952 | |0 0 |1 0 |4 0 |6 GT_787_870000000000000_MIL_2000 |7 0 |8 F |9 407891 |a BIBEDU |b BIBEDU |d 2019-11-22 |h v.2 |i 4294629 |o Gt787.87 MIL 2000 |p 4294629 |r 2023-11-22 |w 2019-11-22 |y BK_F |k MUS | ||